Municípios do Estado do Rio de Janeiro - Statistics

Estatísticas Gerais
  • Esse quiz foi jogado 515 vezes
  • A pontuação média é 48 de 92
Estatísticas das Respostas
Município % Correto
Rio de Janeiro
98%
Petrópolis
90%
Niterói
89%
Duque de Caxias
86%
Teresópolis
86%
Angra dos Reis
85%
Nova Iguaçu
84%
Armação dos Búzios
83%
São Gonçalo
83%
Cabo Frio
82%
Campos dos Goytacazes
80%
Macaé
79%
Volta Redonda
79%
Paraty
78%
Rio das Ostras
75%
Magé
74%
Nova Friburgo
74%
Resende
71%
Saquarema
71%
Arraial do Cabo
70%
Belford Roxo
69%
São João de Meriti
69%
Araruama
67%
Maricá
67%
Nilópolis
67%
Vassouras
65%
Seropédica
64%
Barra Mansa
62%
Itaboraí
62%
Itaguaí
61%
Queimados
61%
Rio Bonito
58%
São Pedro da Aldeia
58%
Itaperuna
57%
Mangaratiba
57%
Mesquita
57%
Três Rios
57%
Barra do Piraí
55%
Guapimirim
54%
Japeri
54%
Quissamã
53%
Varre-Sai
51%
Cachoeiras de Macacu
50%
Itatiaia
50%
São João da Barra
50%
Paracambi
49%
Paraíba do Sul
48%
Valença
48%
Iguaba Grande
47%
Miguel Pereira
46%
Piraí
46%
Rio Claro
46%
Santa Maria Madalena
46%
Casimiro de Abreu
45%
Areal
42%
Porciúncula
41%
São José do Vale do Rio Preto
40%
Tanguá
40%
Rio das Flores
39%
São Fidélis
39%
Silva Jardim
39%
Paty do Alferes
38%
Quatis
38%
Cantagalo
37%
Bom Jardim
36%
Carmo
36%
Bom Jesus do Itabapoana
35%
Cordeiro
35%
Engenheiro Paulo de Frontin
35%
Italva
35%
Porto Real
35%
Itaocara
34%
Macuco
34%
Natividade
34%
Mendes
32%
São Francisco de Itabapoana
32%
Aperibé
31%
Miracema
31%
Cardoso Moreira
30%
Comendador Levy Gasparian
30%
Duas Barras
30%
Laje do Muriaé
30%
Trajano de Moraes
30%
Conceição de Macabu
29%
Sumidouro
29%
Santo Antônio de Pádua
28%
São José de Ubá
27%
Sapucaia
27%
Carapebus
26%
Cambuci
24%
Pinheiral
24%
São Sebastião do Alto
20%
Nenhum quiz correspondente encontrado
Distribuição das Pontuações
Porcentagem de Pessoas com Cada Pontuação
Percentil de Números Respondidos
Sua Pontuação Histórica
Você não jogou esse quiz